Detalles MARC
| 000 -CABECERA |
| campo de control de longitud fija |
00857nam a2200193 a 4500 |
| 001 - NÚMERO DE CONTROL |
| campo de control |
000013443 |
| 005 - FECHA Y HORA DE LA ÚLTIMA TRANSACCIÓN |
| campo de control |
20200929163230.0 |
| 008 - DATOS DE LONGITUD FIJA--INFORMACIÓN GENERAL |
| campo de control de longitud fija |
091124s1950 dr 001 s spa d |
| 040 ## - FUENTE DE LA CATALOGACIÓN |
| Centro catalogador/agencia de origen |
DO-SdBNP |
| Lengua de catalogación |
spa |
| Centro/agencia transcriptor |
BNPHU |
| 082 ## - NÚMERO DE LA CLASIFICACIÓN DECIMAL DEWEY |
| Número de clasificación |
347.012 |
| Número de documento/Ítem |
H565d |
| 049 ## - FONDOS LOCALES (OCLC) |
| Fondos de biblioteca |
BNPD |
| 100 1# - ENTRADA PRINCIPAL--NOMBRE DE PERSONA |
| Nombre de persona |
Herrera Billini, Hipólito, |
| Fechas asociadas al nombre |
1903-1965 |
| 9 (RLIN) |
30707 |
| 245 10 - MENCIÓN DE TÍTULO |
| Título |
Discurso pronunciado por el presidente de la Suprema Corte de Justicia, el día 9 de enero 1950, día del Poder Judicial, al reanudarse las labores judiciales / |
| Mención de responsabilidad, etc. |
Hipolito Herrera Billini. |
| 260 ## - PUBLICACIÓN, DISTRIBUCIÓN, ETC. |
| Lugar de publicación, distribución, etc. |
Ciudad Trujillo, República Dominicana : |
| Nombre del editor, distribuidor, etc. |
Impr. Arte y Cine, |
| Fecha de publicación, distribución, etc. |
1950. |
| 300 ## - DESCRIPCIÓN FÍSICA |
| Extensión |
16 p. ; |
| Dimensiones |
22 cm. |
| 650 #4 - PUNTO DE ACCESO ADICIONAL DE MATERIA--TÉRMINO DE MATERIA |
| Término de materia o nombre geográfico como elemento de entrada |
Poder judicial |
| Subdivisión geográfica |
República Dominicana |
| Subdivisión de forma |
ENSAYOS, CONFERENCIAS, ETC. |
| 9 (RLIN) |
30708 |
| 650 #4 - PUNTO DE ACCESO ADICIONAL DE MATERIA--TÉRMINO DE MATERIA |
| Término de materia o nombre geográfico como elemento de entrada |
Derecho civil |
| Subdivisión geográfica |
República Dominicana |
| Subdivisión de forma |
ENSAYOS, CONFERENCIAS, ETC. |
| 9 (RLIN) |
1154 |
| 910 ## - DATOS DE OPCIÓN DEL USUARIO (OCLC) |
| Datos de opción del usuario |
Validado. Control de calidad EMS |